LEADER 01409nam a2200313 i 4500 001 000000249770 003 CaOOAMICUS 005 20210525140721.0 008 160622s1838 it u000 u ita u 013 $a228675 040 $aSeMil$bita 100 0 $aThomas : a Kempis,$d.$0(OLS)http://semarc/name/11742 245 10$aDella imitazione di Gesù Cristo /$cversione dell'abate Cesari ; arricchita di riflessioni tratte dai Padri della Chiesa e da Bossuet, Massillon, Fénelon e Bourdaloue, volgarizzate da Marco Malagoli Vecchj. 250 $a2. ed. migliorata ed accresciuta 260 $aFirenze :$bPaolo Fumagalli e C.,$c1838. 300 $aVIII, 561 p., [9] c. di tav. :$bill. ;$c31 cm. 500 $aLascito Card. C.M. Martini. 650 4$aDe imitatione Christi.$0(OLS)http://semarc/subject/4776 700 1 $aCesari, Antonio,$d<1760-1828>.$0(OLS)http://semarc/name/3254 700 1 $aMalagoli Vecchi, Marco.$0(OLS)http://semarc/name/8019 850 $aSeMil 852 $aSeMil$W1$xVenegono$y1$m2C V 13 FA$j200116$B200116$CSeMilBibl$Z2$F211625 $8I 900 1 $aThomas : von Kempen. 941 1 $a4 961 $aLascito: Martini Card. Carlo Maria 996 $6245$aDella imitazione di Gesù Cristo$9(OLS)http://semarc/title/270902 996 $6260$aFirenze :$bPaolo Fumagalli e C.$9(OLS)http://semarc/publisher/55338 LEADER 00653nas a2200157 i 4500 001 000000014070 003 CaOOAMICUS 005 20180830125442.0 008 180830n it u0 ita u 040 $aSeMil$bita 245 10$aRagione e ragioni :$bdimensioni dell'intelligenza /$c[a cura dell'] Istituto Internazionale "J. Maritain". 260 $aGenova :$bMarietti,$c[198.] 300 $av. ;$c22 cm. 710 2 $aIstituto internazionale Jacques Maritain .$0(OLS)http://semarc/name/2065 996 $6245$aRagione e ragioni :$bdimensioni dell'intelligenza$9(OLS)http://semarc/title/18680 996 $6260$aGenova :$bMarietti$9(OLS)http://semarc/publisher/29997